| 000 | 00956nam a22001457a 4500 | ||
|---|---|---|---|
| 020 | _a978-93-528-23-208 | ||
| 082 |
_a894.812.3 _bRUD/J |
||
| 100 | _aNAIR.M.S | ||
| 245 | _aRUDRA PRAYAGILE NARABOJI | ||
| 260 |
_aKOTTAYAM _bDC BOOKS _c2022 |
||
| 300 | _a191 | ||
| 520 | _aAn exciting narrative of a leopard that spread terror through five hundred square miles of the hills of the United Provinces, The Man-eating Leopard of Rudraprayag also takes a detailed look at life in the Garhwal region of India. The book talks about the superstitions prevalent in the region, the beauty of the landscape, what turns a leopard into a man-eater and many other, often surprising facts and anecdotes, all told in inimitable style. A worthwhile read for all ages, The Man-eating Leopard of Rudraprayag is also an ode to the people who inhabit the hills and the resilience with which they face the hardships that assail them. | ||
| 650 | _aMALAYALAM STORIES | ||
| 942 | _cBK | ||
| 999 |
_c7060 _d7060 |
||